000 00566nam a2200229 a 4500
001 nice12345678
003 IN_TiNIC
005 20260116013801.0
008 050524s0000 cana grp 000 0 eng
020 _a
_c411.7
082 0 0 _a303.69
_bSAM
100 _aSamghava,
245 _aEveryone Wins!cooperative Games and Activities.
260 _aCanada
_bNew Society Publishers
_c0000
300 _a100p
500 _aincludes index and biblioraphy
505 2 _aBibliography
650 _aMediation
902 _bSRS
942 _cBK
999 _c12476
_d12476